| 000 | 00557nam a2200181 a 4500 | ||
|---|---|---|---|
| 005 | 20140414093850.0 | ||
| 008 | 130919s19uu xx uuu eng d | ||
| 020 | _a9781906345839 | ||
| 050 |
_aLB 3053.E _bIB12 2012 |
||
| 245 |
_aExamination paper and markscheme pack : _bNovember 2012 examination session. |
||
| 260 |
_bInternational Baccalaureate Organization, _c2012. |
||
| 650 | _aExaminations -- Questions. | ||
| 650 | _aExaminations -- Scoring. | ||
| 650 | _aI.B. exam questions | ||
| 650 | _aI.B. test exam | ||
| 942 | _cAVM | ||
| 999 |
_c109824 _d109824 |
||